00667nam a2200193 i 450000100060000000300090000600500170001500700030003200800410003510000230007624501180009926000310021730000390024849000530028761000290034070000270036983000510039685200260044767423ES-MaACL20250829045822.0t|190701s1971 sp ||||0| spa d1 aDube, Wolf-Dieter.10aTesoros de la pintura en la Pinacoteca de Munich / cWolf-Dieter Dube ; traducción de Pilar Casanova de Massot. aMadrid : bDaimon, c1971. a304 p., 26 lam. : bil. ; c22 cm.1 aColección "Tesoros de los Grandes Museos ; v924aAlte Pinakothek (Munich)1 aCasanova de Massot, P.00aColección "Tesoros de los grandes museos"v9 aES-MaACLjP-583-Bis-9